Private lives, public spaces : representations of kerajaan, kebangsaan and kerakyatan in the Malay world /
محفوظ في:
| المؤلف الرئيسي: | |
|---|---|
| التنسيق: | أطروحة كتاب |
| اللغة: | English |
| منشور في: |
2000.
|
| الموضوعات: | |
| الوسوم: |
إضافة وسم
لا توجد وسوم, كن أول من يضع وسما على هذه التسجيلة!
|
| LEADER | 01561cam a2200397 a 4500 | ||
|---|---|---|---|
| 001 | u689551 | ||
| 003 | SIRSI | ||
| 008 | 011110s2000 us v 00 0 eng m | ||
| 035 | |a ACS-3585 | ||
| 040 | |a UMM | ||
| 041 | 0 | |a engindmay | |
| 043 | |a a-my--- |a a-io--- | ||
| 050 | 1 | 4 | |a PL5080 |b .C483 2000x |
| 090 | |a PL5080.5 |b Cha | ||
| 100 | 1 | 0 | |a Chandrasekara, Ray W. |
| 245 | 1 | 0 | |a Private lives, public spaces : |b representations of kerajaan, kebangsaan and kerakyatan in the Malay world / |c by Ray W. Chandrasekara. |
| 246 | 3 | 0 | |a Representations of kerajaan, kebangsaan and kerakyatan in the Malay world |
| 260 | |c 2000. | ||
| 300 | |a 160 p. | ||
| 500 | |a Photocopy. Ann Arbor, Mich. : University Microfilms International, 2002. 28 cm. | ||
| 502 | |a Thesis (Ph.D.) -- University of California, Berkeley, 2000. | ||
| 504 | |a Bibliography: p. 149-160. | ||
| 630 | 0 | 0 | |a Hikayat Hang Tuah. |
| 650 | 0 | |a Indonesian literature |y 20th century |x History and criticism. | |
| 650 | 0 | |a Malay literature |y To 1900 |x History and criticism. | |
| 650 | 0 | |a Indonesian fiction |x History and criticism. | |
| 650 | 0 | |a Historical fiction, Indonesian. | |
| 650 | 0 | |a Literature and history |z Indonesia. | |
| 650 | 0 | |a Nationalism in literature. | |
| 651 | 0 | |a Malaysia |x History. | |
| 651 | 0 | |a Indonesia |x History |y 1798-1942. | |
| 651 | 0 | |a Indonesia |x History |y 20th century. | |
| 710 | 2 | 0 | |a University of California, Berkeley. |
| 948 | |a 31/12/2001 |b 18/10/2004 | ||
| 596 | |a 1 | ||
| 999 | |a PL5080.5 CHA |w LCPER |c 1 |i A510740951 |d 2/11/2009 |f 2/11/2009 |g 1 |l STACKS |m P01UTAMA |r Y |s Y |t TESIS |u 2/11/2009 | ||
